003420000a2200073000450024501190000004100130011910000220013277301140015410aBehavioral aspects of the reproductive biology of the Andean frog Colostethus palmatus ()0 aInglés1 aLüddecke, Horst1 tRevista de la Academia Colombiana de Ciencias Exactas, Fisicas y Naturales332hSupl. Esp.q303-316d1999g23